LEADER 01229nam0 22003133i 450 001 UBO3089963 005 20231121125900.0 010 $a883848614X 100 $a20180730d2006 ||||0itac50 ba 101 | $aita$cita 102 $ait 181 1$6z01$ai $bxxxe 182 1$6z01$an 200 1 $a˜Le œbugie degli ambientalisti 2$ei falsi allarmismi dei movimenti ecologisti$fRiccardo Cascioli, Antonio Gaspari 210 $aCasale Monferrato$cPiemme$d2006 215 $a206 p.$d21 cm 500 10$a˜Le œbugie degli ambientalisti 2.$3IEI0701946$9VIAV097921$93640688 606 $aAmbiente naturale$xProtezione$2FIR$3RMLC007119$9I 676 $a363.73$9PROBLEMI AMBIENTALI. INQUINAMENTO$v22 700 1$aCascioli$b, Riccardo$3VIAV097921$4070$0285116 701 1$aGaspari$b, Antonio$f <1955- >$3CFIV106597$4070$0257591 801 3$aIT$bIT-01$c20180730 850 $aIT-FR0017 899 $aBiblioteca umanistica Giorgio Aprea$bFR0017 $eN 912 $aUBO3089963 950 0$aBiblioteca umanistica Giorgio Aprea$d 52DCB Cas.Bug.$e 52SBA0000244515 VMB RS $fA $h20180730$i20180730 977 $a 52 996 $aBugie degli ambientalisti 2$93640688 997 $aUNICAS LEADER 01051nam0 22002651i 450 001 UON00105965 005 20231205102615.35 100 $a20020107d1926 |0itac50 ba 101 $afre 102 $aFR 105 $a|||| 1|||| 200 1 $aˆL'‰ecriture egyptienne$eEssai sur l'origine et la formation de l'une des premieres ecritures mediterraneennes$fEdouard Naville 210 $aParis$cGeuthner$d1926 215 $aix, 143 p.$d22 cm 606 $aSCRITTURA EGIZIANA ANTICA$xGeroglifico$xStoria$3UONC025284$2FI 620 $aFR$dParis$3UONL002984 676 $a493.1$cLINGUA EGIZIANA ANTICA$v21 700 1$aNAVILLE$bEdouard$3UONV051931$0389282 712 $aGeuthner$3UONV246291$4650 801 $aIT$bSOL$c20240220$gRICA 899 $aSIBA - SISTEMA BIBLIOTECARIO DI ATENEO$2UONSI 912 $aUON00105965 950 $aSIBA - SISTEMA BIBLIOTECARIO DI ATENEO$dSI GLOTT B 8 III 015 $eSI MR 57737 5 015 996 $aEcriture egyptienne$91306092 997 $aUNIOR